000 00478nam a2200157Ia 4500
003 GCL
008 140319s9999 xx 000 0 ara d
040 _aGCL /
_cGCL
082 0 4 _a811.064
_bخ و
100 1 _aخالد ابو العزايم
245 1 0 _aالوجدانيات مع الامام السيد\ محمد ماضى ابو العزايم /
_cخالد ابو العزايم
300 _a195 ص
490 _a
650 0 4 _aالشعر السياسى
942 _2ddc
_cBK
999 _c38399
_d38399